| 000 | 00350cam a2200145ua 4500 | ||
|---|---|---|---|
| 041 |
_aeng _h |
||
| 082 |
_a828.09 _bBOO/AS |
||
| 100 | _aBooth, A D . | ||
| 245 |
_aAspects of translation / _cA D Booth. _hTextual Documents |
||
| 260 |
_aLondon : _bSecker & Warburg , _c1958. |
||
| 300 | _a145 ; . | ||
| 504 | _a | ||
| 942 | _cBK | ||
| 999 |
_c5319 _d5319 |
||